Capital markets-post liberalisation period: depressed markets and the regulatory agencies (Record no. 482110)

000 -LEADER
fixed length control field 00552cam a22001577a 4500
008 - FIXED-LENGTH DATA ELEMENTS--GENERAL INFORMATION
fixed length control field 180718b1997 xxu||||| |||| 00| 0 eng d
082 ## - DEWEY DECIMAL CLASSIFICATION NUMBER
Classification number APPPA 96-97 JAI/S
100 ## - MAIN ENTRY--PERSONAL NAME
Personal name Jain, Arun Kumar
245 ## - TITLE STATEMENT
Title Capital markets-post liberalisation period: depressed markets and the regulatory agencies
Statement of responsibility, etc. by Arun Kumar Jain
260 ## - PUBLICATION, DISTRIBUTION, ETC.
Place of publication, distribution, etc. New Delhi
Name of publisher, distributor, etc. Indian Institute of Public Administration
Date of publication, distribution, etc. 1997
300 ## - PHYSICAL DESCRIPTION
Extent 92p.
500 ## - GENERAL NOTE
General note An APPPA M.Phil dissertation, 1996-97
650 ## - SUBJECT ADDED ENTRY--TOPICAL TERM
Topical term or geographic name entry element APPPA
650 ## - SUBJECT ADDED ENTRY--TOPICAL TERM
Topical term or geographic name entry element Liberalization - India
650 ## - SUBJECT ADDED ENTRY--TOPICAL TERM
Topical term or geographic name entry element Capital market - India
Holdings
Withdrawn status Lost status Damaged status Not for loan Permanent Location Current Location Date acquired Full call number Barcode Date last seen Price effective from Koha item type
        Indian Institute of Public Administration Indian Institute of Public Administration 2018-08-04 APPPA 96-97 JAI/S GR14358 2018-08-04 2018-08-04 GR

Powered by Koha